000 00355nam a2200133Ia 4500
005 20251222143145.0
008 251222s9999||||xx |||||||||||||| ||spa||
020 _a980-6401-41-7
082 _a378.16/Y35
100 _aYarzabal, Luis
245 0 _aEvaluar para Transformar
264 _bInstituto Internacional para la Educación Superior
942 _cLIB
999 _c12460
_d12460